000 00471cam a22001814a 4500
005 20250605164244.0
008 250528s ||||||||||||||||||||||||d
035 _a21426
040 _aGR-AtMCL
_bgre
_dGR-AtMCL
_eAACR2
245 1 _aΠΡΟΓΡΑΜΜΑΤΙΖΟΝΤΑΣ ΣΤΗ ΓΛΩΣΣΑ C
250 _a1
260 _bΜ. Γκιούρδας,
_c1986
300 _a120
700 1 _aAmmeraal Leendert
_91887
942 _cBK
999 _c6488
_d6488